Statistiques concernant De la Corée du Sud en Angola

Cliquez ici pour prendre le quiz!

Statistiques générales

  • Ce quiz a été pris 209 fois
  • Le résultat moyen est 22 sur 34

Statistiques - réponses

Réponse% Correct
Corée du Nord
99%
Russie
93%
Ukraine
81%
France
73%
Italie
73%
Allemagne
72%
Slovaquie
72%
République Tchèque
71%
Croatie
70%
Serbie
69%
Slovénie
69%
Turquie
67%
Bulgarie
66%
Egypte
65%
Irak
65%
Israël
65%
Jordanie
64%
Libye
64%
Algérie
62%
Mauritanie
61%
Sénégal
61%
Guinée
59%
Burkina Faso
57%
Côte d'Ivoire
57%
Bénin
56%
Nigeria
56%
Cameroun
53%
République Centrafricaine
51%
Kenya
48%
Namibie
48%
Tanzanie
48%
Afrique du Sud
47%
Mozambique
47%
Soudan du Sud
47%

Distribution des résultats

Percentile par nombre de réponses

% des personnes avec chaque résultat

Votre développement - résultats

Vous n’avez pas pris ce quiz